000 01102cam a22002175a 4500
001 L159343
008 160915s2016 xxk f 000 0 eng d
020 _a9781859466070
035 _a(Sirsi) u159343
041 0 _aeng
050 0 4 _a692.8
100 1 _aSaxon, Richard
245 0 0 _aBIM for construction clients
260 _aLondon
_bRIBA Publshing
_c2016
520 _aExplains the basic principles of Building Information Modelling (BIM) and how it came to be adopted by all UK central government clients by April 2016. Looks at its use from the clients point of view with examples and case studies from developers, local authorities and universities. It looks at how it affects the contractor client relationship. Concludes with a look at setting out client requirements, planning the work, appointing the team, completing the initial brief, concept and design development, technical design, construction and handover and the operational life of the building.
590 _aNTK
650 2 4 _aBIM
_96219
651 4 _aUnited Kingdom
_y
690 _aQuantity surveying
_96263
942 _n0
999 _c115819
_d115819